000 00568nam a2200205Ia 4500
005 20250508163215.0
008 008 250505s9999 xx 000 0 eng d
037 _aTextual
040 _aFEDL
_beng
_cFEDL
041 _aeng
_2eng
084 _a001.422, SNE
_qFEDL
100 _aSnedecor George E
_9774910
245 0 _aStatistical methods
260 _aOxford, UK
_bOxford & IBH Publishing Co.
_c1976
300 _axii,593p.
365 _aINR
_b18
650 _aStatistical Methods
942 _cTEXL
_h001.422, SNE
999 _c1381510
_d1381510